[Event "Challenge"]
[Site "http://www.queenalice.com/game.php?id=140878"]
[Date "2006.12.13"]
[Round "-"]
[White "draconiano"]
[Black "ferrari"]
[Result "1-0"]
[WhiteElo "1709"]
[BlackElo "1500"]

1. Nf3 d5 2. e3 Nf6 3. d4 e6 4. a4 Be7 5. Bb5+ Bd7 6. Ne5 Bxb5 7. axb5 O-O 8. b3
Nbd7 9. O-O Nxe5 10. dxe5 Nd7 11. Bd2 Nxe5 12. Nc3 Bf6 13. Ra4 c6 14. Qe2 Qc7
15. e4 1-0

[Event "Challenge"]
[Site "http://www.queenalice.com/game.php?id=154619"]
[Date "2007.1.16"]
[Round "-"]
[White "Rachel"]
[Black "draconiano"]
[Result "1-0"]
[WhiteElo "1693"]
[BlackElo "1694"]

1. d3 d5 2. f3 Nf6 3. e4 Bd7 4. c3 e6 5. Be3 Nc6 6. Ne2 dxe4 7. dxe4 Qe7 8. Qb3
Na5 9. Qb4 Nc6 10. Qxb7 Rd8 11. Qxc7 a5 12. Ng3 Rc8 13. Qb6 h5 14. Bf4 h4 15.
Ba6 Rb8 16. Bxb8 Qd8 17. Bc7 Qe7 18. Ne2 Rh5 19. Na3 Qc5 20. Qb7 Nd8 21. Qb8 Ke7
22. Qxd8# 1-0

[Event "Challenge"]
[Site "http://www.queenalice.com/game.php?id=154620"]
[Date "2007.1.16"]
[Round "-"]
[White "ezequiel_2001"]
[Black "draconiano"]
[Result "1-0"]
[WhiteElo "1577"]
[BlackElo "1668"]

1. d4 d5 2. c4 Nf6 3. Nc3 e6 4. Bg5 Bb4 5. Qa4+ c6 6. Qxb4 h6 7. Bh4 dxc4 8. Nf3
a5 9. Qxc4 g5 10. Bg3 a4 11. e3 b5 12. Qc5 g4 13. Ne5 Bb7 14. Nd3 Nbd7 15. Qb4
a3 16. b3 h5 17. h3 h4 18. Be5 g3 19. f3 Rh5 20. f4 Qa5 21. Be2 Qxb4 22. Nxb4
Nh7 23. Bxh5 c5 24. dxc5 Bxg2 25. Rg1 Bxh3 26. Nxb5 Nxc5 27. Nc7+ Ke7 28. Nxa8
f6 29. Nc6+ Kd7 30. O-O-O+ Kxc6 31. Rd6+ Kb7 32. Bf3+ Ka7 33. Bd4 Kb8 34. Bxc5
e5 35. Rd8+ Bc8 36. Bd6+ Ka7 37. Rxc8 e4 38. Bxe4 Ka6 39. Bc5 f5 40. Bd3+ Kb7
41. Rc7+ Kxa8 42. Rxh7 Kb8 43. Bxf5 1-0

[Event "Challenge"]
[Site "http://www.queenalice.com/game.php?id=159700"]
[Date "2007.1.27"]
[Round "-"]
[White "databass"]
[Black "draconiano"]
[Result "1-0"]
[WhiteElo "1716"]
[BlackElo "1723"]

1. e4 Nf6 2. e5 Ng4 3. d4 d6 4. h3 Nh6 5. Bxh6 gxh6 6. Nf3 dxe5 7. Nxe5 f6 8.
Nf3 Bd7 9. Bc4 a5 10. Nc3 a4 11. a3 e6 12. Qd3 b5 13. Nxb5 c6 14. Nc3 f5 15.
O-O-O Qc7 16. Ne5 Bd6 17. g4 Bxe5 18. dxe5 Qxe5 19. Rhe1 Qh2 20. Rxe6+ Bxe6 21.
Qd8+ Kf7 22. Bxe6+ Kxe6 23. Re1+ Kf7 24. Qe7+ Kg6 25. Re6# 1-0

[Event "Challenge"]
[Site "http://www.queenalice.com/game.php?id=164550"]
[Date "2007.2.6"]
[Round "-"]
[White "Croftsy"]
[Black "draconiano"]
[Result "1-0"]
[WhiteElo "1559"]
[BlackElo "1637"]

1. b3 e6 2. Bb2 Be7 3. Bxg7 Bf6 4. Bxh8 Bxh8 5. d4 d5 6. e3 Bd7 7. Nc3 h6 8. Qg4
Nf6 9. Qf4 Nc6 10. Qxh6 Ke7 11. Nf3 Nb4 12. O-O-O 1-0

[Event "AUTO-OPEN-913"]
[Site "http://www.queenalice.com/game.php?id=309345"]
[Date "2007.11.24"]
[Round "1"]
[White "gato"]
[Black "draconiano"]
[Result "1-0"]
[WhiteElo "1719"]
[BlackElo "1598"]

1. e4 Nf6 2. e5 Ne4 3. d3 Nc5 4. Nf3 e6 5. Nc3 f5 6. exf6 gxf6 7. d4 Nca6 8.
Bxa6 bxa6 9. O-O Bb4 10. Bh6 a5 11. Qd3 Nc6 12. Bg7 Rg8 13. Qxh7 Ke7 14. Ne4 e5
15. Bxf6+ Kf8 16. Bxd8 Rg7 17. Qh8+ Kf7 18. Nfg5+ Kg6 19. Bf6 Rh7 20. Qxh7# 1-0

[Event "AUTO-OPEN-913"]
[Site "http://www.queenalice.com/game.php?id=309346"]
[Date "2007.11.24"]
[Round "1"]
[White "draconiano"]
[Black "gato"]
[Result "0-1"]
[WhiteElo "1610"]
[BlackElo "1723"]

1. Nf3 d5 2. d4 Nf6 3. Bg5 Nc6 4. c3 Ne4 5. Qc2 Bf5 6. e3 h6 7. Bf4 g5 8. Be5 f6
9. Bg3 Nxg3 10. hxg3 Bxc2 11. Na3 Be4 12. Nd2 e5 13. f3 Bg6 14. O-O-O Bxa3 15.
bxa3 Qe7 16. c4 Qxa3# 0-1

[Event "AUTO-OPEN-913"]
[Site "http://www.queenalice.com/game.php?id=309355"]
[Date "2007.11.24"]
[Round "1"]
[White "Kouvitch"]
[Black "draconiano"]
[Result "1-0"]
[WhiteElo "1763"]
[BlackElo "1579"]

1. e4 e5 2. Nf3 Nc6 3. c3 Nf6 4. d4 d6 5. Bb5 Bd7 6. O-O Na5 7. Bxd7+ Qxd7 8.
dxe5 dxe5 9. Nxe5 Qxd1 10. Rxd1 Nxe4 11. Re1 Nc5 12. Nc6+ 1-0

[Event "AUTO-OPEN-913"]
[Site "http://www.queenalice.com/game.php?id=309356"]
[Date "2007.11.24"]
[Round "1"]
[White "draconiano"]
[Black "Kouvitch"]
[Result "0-1"]
[WhiteElo "1588"]
[BlackElo "1754"]

1. d4 Nf6 2. Nf3 c5 3. c3 b6 4. Bg5 e6 5. e3 Be7 6. Nbd2 Bb7 7. Nh4 Nc6 8. f4
cxd4 9. cxd4 Nd5 10. a4 Nxe3 11. Qe2 Nc2+ 12. Kf2 Bxg5 0-1